000 004580000a22001810004500
003 LK-CoMWRAF
008 230817t ||||| |||| 00| 0 eng d
020 _a9559454005
040 _aLK-CoMWRAF
_dLK-CoMWRAF
_eLK-CoMWRAF
041 _aeng
082 _a160
_bAME
100 _aAmeen, M.I.M
245 _aIslamia Saddakalai
_bOru varalattu norkku
260 _aBeruwala
_bAl Kalem Pathipakam
_c1996
300 _ap.124
650 _amuslim law
942 _cBK
999 _c2886
_d2886